[Event "Sozina Open"]
[Site "Bar SCG"]
[Date "2006.03.24"]
[Round "7"]
[White "Sarenac,D"]
[Black "Nestorovic,DN"]
[Result "0-1"]
[WhiteElo "2155"]
[BlackElo "2361"]

1.e4 d5 2.exd5 Qxd5 3.Nc3 Qd6 4.Nf3 Nf6 5.d4 a6 6.Be2 b5 7.a3 Bb7 8.O-O Nbd7
9.Re1 e6 10.Qd3 Be7 11.Bg5 O-O 12.Rad1 Rfd8 13.h3 Qb6 14.Qe3 c5 15.Bh4 cxd4
16.Nxd4 Nf8 17.Bf3 Ng6 18.Bxb7 Qxb7 19.Bg3 b4 20.axb4 Bxb4 21.Nde2 h6 22.Rxd8+ Rxd8
23.Rd1 Rc8 24.Qc1 Ne4 25.Rd3 Nxg3 26.Rxg3 Bd6 27.Rd3 Nh4 28.f3 Qb6+ 29.Kh1 Bb8
30.Rd4 Nf5 31.Rd7 Be5 32.Nd1 Qb5 33.Rd2 Qxe2  0-1

[Event "TCh-CZE Extraliga 2005-6"]
[Site "Czech Rep CZE"]
[Date "2006.03.25"]
[Round "10"]
[White "Mista,A"]
[Black "Manik,M"]
[Result "1/2-1/2"]
[WhiteElo "2489"]
[BlackElo "2451"]

1.e4 d5 2.exd5 Qxd5 3.Nc3 Qd6 4.d4 Nf6 5.g3 Nc6 6.Bf4 Qd8 7.d5 Nb4 8.Bg2 Bf5
9.Rc1 c6 10.dxc6 bxc6 11.Qe2 e6 12.Nf3 Be7 13.Ne5 Rc8 14.g4 Nfd5 15.Nxd5 Nxd5
16.Rd1 Bg6 17.c4 Nxf4 18.Rxd8+ Rxd8 19.Bxc6+ Kf8 20.Qf3 Nd3+ 21.Nxd3 Bxd3
22.a3 h5 23.gxh5 Bxc4 24.Rg1 Bf6 25.Rg4 Bd5 26.Bxd5 Rxd5 27.Rb4 Rhxh5 28.Rb8+ Ke7
29.Qb3 Bd4 30.Qb7+ Rd7 31.Qc8 Re5+ 32.Kf1 Rf5 33.Qe8+ Kd6 34.Qf8+ Kc6 35.Rc8+ Rc7
36.Qe8+ Kd6 37.Rd8+ Ke5 38.Rxd4 Rc1+ 39.Ke2 Kxd4 40.Qa4+ Ke5 41.Qxa7  1/2-1/2

[Event "TCh-NED 2005-6"]
[Site "Netherlands NED"]
[Date "2006.03.25"]
[Round "8"]
[White "Blokhuis,J"]
[Black "Martens,M"]
[Result "1-0"]
[WhiteElo "2352"]
[BlackElo "2414"]

1.e4 d5 2.exd5 Qxd5 3.Nc3 Qd8 4.d4 Nf6 5.Bf4 c6 6.Qd2 Bf5 7.Bd3 Bxd3 8.Qxd3 e6
9.Nf3 Be7 10.O-O O-O 11.Rad1 Nbd7 12.Ne5 Qb6 13.b3 Rad8 14.Na4 Qa5 15.Nb2 c5
16.Nbc4 Qa6 17.Qh3 Nd5 18.Bc1 N7f6 19.a4 Nb4 20.c3 Na2 21.Bg5 cxd4 22.cxd4 Nb4
23.Qh4 Rfe8 24.Rfe1 Nbd5 25.Rd3 b5 26.axb5 Qxb5 27.Rg3 a5 28.Bd2 a4 29.Rxg7+ Kxg7
30.Bh6+ Kh8 31.Nxf7+ Kg8 32.Qg5+  1-0

[Event "2nd Bundesliga Mitte 2005-6"]
[Site "Austria AUT"]
[Date "2006.03.26"]
[Round "11"]
[White "Winiwarter,F"]
[Black "Wagner,Step"]
[Result "0-1"]
[WhiteElo "2175"]
[BlackElo "2194"]

1.e4 d5 2.exd5 Qxd5 3.Nc3 Qd6 4.d4 Nf6 5.Nf3 a6 6.h3 Nc6 7.a3 e6 8.Bg5 Be7
9.Qd2 b6 10.O-O-O Bb7 11.Bd3 O-O 12.Rhe1 Nd5 13.Nxd5 exd5 14.Bf4 Qd7 15.a4 Rfe8
16.Re2 Bd6 17.Rde1 Rxe2 18.Rxe2 g6 19.Qe3 Qe6 20.Qd2 Qd7 21.Bxd6 Qxd6 22.Qh6 Qf6
23.Qe3 Rd8 24.c3 Bc8 25.Re1 Kg7 26.Ne5 Nxe5 27.dxe5 Qc6 28.Qd4  0-1

[Event "TCh-BEL 2005-6"]
[Site "Belgium BEL"]
[Date "2006.03.26"]
[Round "11"]
[White "Naiditsch,A"]
[Black "Dutreeuw,M"]
[Result "1-0"]
[WhiteElo "2657"]
[BlackElo "2383"]

1.e4 d5 2.exd5 Qxd5 3.Nc3 Qd6 4.d4 Nf6 5.Be2 Bf5 6.Bf3 Nc6 7.Nge2 O-O-O 8.O-O e5
9.d5 Nb4 10.Bg5 Be7 11.Qd2 Bg6 12.Rfd1 e4 13.Bxf6 exf3 14.Bxe7 Qxe7 15.Nf4 Bxc2
16.Re1 Qg5 17.g3 Kb8 18.Qd4 Na6 19.Rac1 Bf5 20.Nb5 b6 21.Qc4 Rc8 22.Nd4 Kb7
23.Re3 Bd7 24.Nxf3 Qf6 25.Ne5 Be8 26.Nc6 Nb8 27.Ne7 Bd7 28.Nxc8 Rxc8 29.b4 Qd6
30.Qd4 f6 31.Ne6 Bxe6 32.Rxe6 Qd7 33.Qe4 Rd8 34.Re7 Qd6 35.Rcxc7+  1-0

[Event "7th ch-Euro"]
[Site "Kusadasi TUR"]
[Date "2006.04.04"]
[Round "1"]
[White "Perez Candelario,Man"]
[Black "Gashimov,V"]
[Result "1/2-1/2"]
[WhiteElo "2511"]
[BlackElo "2625"]

1.e4 d5 2.exd5 Qxd5 3.Nc3 Qd6 4.d4 Nf6 5.Nf3 a6 6.g3 Bg4 7.h3 Bh5 8.Bg2 Nc6
9.O-O O-O-O 10.Be3 e5 11.dxe5 Nxe5 12.g4 Qxd1 13.Raxd1 Rxd1 14.Rxd1 Nxf3+
15.Bxf3 Bg6 16.g5 Bh5 17.Kg2 Bxf3+  1/2-1/2

[Event "Open NOR-ch"]
[Site "Oslo NOR"]
[Date "2006.04.09"]
[Round "2"]
[White "Van der Weide,K"]
[Black "Maes,T"]
[Result "1-0"]
[WhiteElo "2482"]
[BlackElo "2179"]

1.e4 d5 2.exd5 Qxd5 3.Nc3 Qd6 4.d4 Nf6 5.Nge2 c6 6.Bf4 Qd8 7.Qd2 Bf5 8.Ng3 Bg6
9.h4 h6 10.O-O-O e6 11.Bd3 Bxd3 12.Qxd3 Be7 13.Nce4 Nbd7 14.Kb1 Nxe4 15.Nxe4 Nf6
16.Be5 O-O 17.Bxf6 Bxf6 18.g4 Be7 19.Qe2 Re8 20.g5 hxg5 21.hxg5 Bxg5 22.Qh5 Bh6
23.Rdg1 Kf8 24.Qc5+ Qe7 25.Qe5 f6 26.Qg3 Qf7 27.Nd6 Qc7 28.c4 Ke7 29.Rxh6 Qxd6
30.Qxg7+ Kd8 31.Rh7  1-0

[Event "XXIX Open"]
[Site "Donostia San Sebastian ESP"]
[Date "2006.04.12"]
[Round "6"]
[White "Gonzalez Menendez,I"]
[Black "Rodriguez Lopez,R"]
[Result "1-0"]
[WhiteElo "2413"]
[BlackElo "2267"]

1.e4 d5 2.exd5 Qxd5 3.Nc3 Qd8 4.d4 Nf6 5.Nf3 c6 6.Bc4 Nbd7 7.O-O Nb6 8.Bb3 Bf5
9.Ne5 e6 10.a4 Nbd7 11.Qf3 Nxe5 12.dxe5 Nd7 13.Bf4 Nc5 14.Rfd1 Qb6 15.a5 Qc7
16.Bc4 Bxc2 17.Rd2 Bg6 18.b4 Nd7 19.Rad1 Nxe5 20.Bxe5 Qxe5 21.a6 Rb8 22.axb7 Qc7
23.Rd7 Qxd7 24.Rxd7 Kxd7 25.b5 cxb5 26.Bxb5+ Kd8 27.Qc6  1-0

[Event "Foxwoods Open"]
[Site "Ledyards USA"]
[Date "2006.04.12"]
[Round "1"]
[White "Schneider,Ig"]
[Black "Braunlich,T"]
[Result "1/2-1/2"]
[WhiteElo "2384"]
[BlackElo "2178"]

1.e4 d5 2.exd5 Qxd5 3.Nc3 Qd6 4.d4 Nf6 5.g3 a6 6.Bg2 Bg4 7.Nge2 Nc6 8.Bf4 e5
9.dxe5 Nxe5 10.Bxe5 Qxe5 11.Bxb7 Rd8 12.Bc6+ Bd7 13.Qd4 Qxd4 14.Nxd4 Bxc6
15.Nxc6 Rd6 16.Ne5 Re6 17.f4 Ng4 18.Kd2 Nxe5 19.fxe5 Rxe5 20.Rae1 Bd6 21.Rxe5+ Bxe5
22.Re1 f6 23.Ne4 Kf7 24.c3 h5 25.Ng5+ Kg6 26.Nf3 Rd8+ 27.Kc2 Kf5 28.b4 g5
29.a4 Bd6 30.Nd4+ Kg4 31.b5 axb5 32.Nxb5 Be5 33.Rf1 Kh3 34.Rf2 g4 35.Nd4 Bxd4
36.cxd4 Rxd4 37.Kb3 c5 38.a5 Rb4+ 39.Ka3 Rb5 40.Ka4 Rb4+ 41.Ka3 Rb5  1/2-1/2

[Event "LII Nacional Abierto"]
[Site "Mexico City MEX"]
[Date "2006.04.14"]
[Round "5"]
[White "Mitkov,N"]
[Black "Garmendez,F"]
[Result "1-0"]
[WhiteElo "2561"]
[BlackElo "2305"]

1.e4 d5 2.exd5 Qxd5 3.Nc3 Qd6 4.d4 Nf6 5.Nf3 a6 6.Bd3 Nc6 7.O-O Bg4 8.h3 Bh5
9.Ne4 Nxe4 10.Bxe4 e6 11.c3 Bg6 12.Bxc6+ bxc6 13.Ne5 f6 14.Nd3 Qd7 15.Nf4 Bf7
16.Qg4 h5 17.Qg3 g5 18.Nd3 Rg8 19.b3 Be7 20.Bb2 h4 21.Qe3 g4 22.hxg4 Rxg4
23.f3 Rg3 24.Kf2 O-O-O 25.Rh1 Rdg8 26.Rag1 f5 27.Ne5 Qe8 28.Qe2 Kb7 29.Bc1 c5
30.Bf4 R3g7 31.Qc4 Qb5 32.Bh6 Rh7 33.Be3 cxd4 34.Qxd4 c5 35.Qd2 Rd8 36.Qc2 Bd6
37.Rd1 Qe8 38.Bg5 Be7 39.Bxe7 Qxe7 40.Rxd8 Qxd8 41.Qd1 Qc7 42.Qd7 Qxd7 43.Nxd7 c4
44.b4 Kc6 45.Ne5+ Kd5 46.Nxf7 Rxf7 47.Rxh4 f4 48.a4 Rf6 49.Rh8 e5 50.Rd8+ Ke6
51.Rc8 Kf5 52.Rxc4 Rd6 53.Kg1 Rd1+ 54.Kh2 Rd2 55.a5 Rd6 56.Rc7 Rd3 57.Rc6 Re3
58.Rc5 Rd3 59.c4 Ra3 60.Rc6 Rb3 61.Rb6 Rb2 62.b5 axb5 63.cxb5 e4 64.fxe4+ Kxe4
65.a6 f3 66.a7 Rxg2+ 67.Kh3 Rg8 68.Rb8 Rh8+  1-0

[Event "LII Nacional Abierto"]
[Site "Mexico City MEX"]
[Date "2006.04.14"]
[Round "6"]
[White "Hernandez,Ed"]
[Black "Carreras,P"]
[Result "1-0"]
[WhiteElo "2344"]
[BlackElo "1935"]

1.e4 d5 2.exd5 Qxd5 3.Nc3 Qd6 4.Be2 Nf6 5.d4 a6 6.a3 Bf5 7.g4 Bg6 8.f4 e6
9.Bf3 Qb6 10.Nge2 Nc6 11.b4 O-O-O 12.Be3 Ne7 13.Na4 Qd6 14.Nc5 Ned5 15.Bd2 h5
16.g5 Ng4 17.Qc1 c6 18.c4 Nb6 19.h3 Be7 20.Qc3 e5 21.fxe5 Nxe5 22.dxe5 Qc7
23.Be4 Bxc5 24.Bxg6 Na4 25.Bf5+ Kb8 26.Qc2 Rxd2 27.Qxd2 Qxe5 28.Qf4 Bd6 29.Qxe5 Bxe5
30.Rb1 Re8 31.Kf2  1-0

[Event "17th Pobeskydi Radegast Cup"]
[Site "Frydek Mistek CZE"]
[Date "2006.04.15"]
[Round "6"]
[White "Mitura,K"]
[Black "Krejci,Jan1"]
[Result "0-1"]
[WhiteElo "1981"]
[BlackElo "2180"]

1.e4 d5 2.exd5 Qxd5 3.Nc3 Qd6 4.Nf3 c6 5.Bc4 Bf5 6.d3 e6 7.Be3 Nf6 8.h3 Nbd7
9.Qe2 Be7 10.Bb3 Nc5 11.Bxc5 Qxc5 12.Nh4 Bg6 13.Nxg6 hxg6 14.Ne4 Qa5+ 15.c3 O-O-O
16.Nxf6 Bxf6 17.O-O g5 18.Bc4 Qf5 19.d4 Rh4 20.Bd3 Qd5 21.Rfd1 Rdh8 22.f3 Qd6
23.b4 Qg3 24.Qf2 Qd6 25.Kf1 Rd8 26.Be4 Be7 27.d5 cxd5 28.Qxa7 f5 29.Bd3 g4
30.hxg4 fxg4 31.Qc5+ Qxc5 32.bxc5 Bxc5 33.fxg4 Rf8+ 34.Ke1 Rf2 35.Be2 Be3  0-1

[Event "44th Doeberl Cup"]
[Site "Canberra AUS"]
[Date "2006.04.16"]
[Round "5"]
[White "Charles,Ga"]
[Black "Dragicevic,Do"]
[Result "1-0"]
[WhiteElo "2196"]
[BlackElo "2130"]

1.e4 d5 2.exd5 Qxd5 3.Nc3 Qd6 4.d4 Nf6 5.Nf3 a6 6.Bd3 Nc6 7.Ne4 Nxe4 8.Bxe4 Bg4
9.O-O O-O-O 10.h3 Bh5 11.c3 e6 12.Qc2 Be7 13.Re1 Bf6 14.b4 Rdg8 15.a4 Bg6
16.b5 Nb8 17.bxa6 Qxa6 18.Bf4 Bxe4 19.Qxe4 Nc6 20.Bg3 g5 21.Nd2 h5 22.Qf3 Rg6
23.Ne4 Rhh6 24.Nc5 Qa7 25.Rab1 Nd8 26.a5 Be7 27.Rb5 c6 28.Rxb7  1-0

[Event "Jack Speigel Mem"]
[Site "Southend ENG"]
[Date "2006.04.16"]
[Round "5"]
[White "Emms,J"]
[Black "Ledger,A"]
[Result "1-0"]
[WhiteElo "2502"]
[BlackElo "2430"]

1.e4 d5 2.exd5 Qxd5 3.Nc3 Qd6 4.d4 Nf6 5.Nf3 c6 6.Ne5 Nbd7 7.Nc4 Qc7 8.Qf3 Nb6
9.Bf4 Qd8 10.Be5 Nbd5 11.Nxd5 cxd5 12.Ne3 e6 13.Bd3 Bd7 14.O-O Be7 15.Rae1 O-O
16.Ng4 Nxg4 17.Qxg4 g6 18.Re3 Qe8 19.Rh3 f6 20.Qh4 Qf7 21.Bxg6 Qxg6 22.Rg3 Rf7
23.Bf4 Rc8 24.c3 Rc6 25.Rxg6+ hxg6 26.Qg3 Rg7 27.Bh6 Bd6 28.f4 g5 29.Bxg7  1-0

[Event "XIII TCh-RUS"]
[Site "Sochi RUS"]
[Date "2006.04.20"]
[Round "1"]
[White "Grischuk,A"]
[Black "Tiviakov,S"]
[Result "1/2-1/2"]
[WhiteElo "2719"]
[BlackElo "2669"]

1.e4 d5 2.exd5 Qxd5 3.Nc3 Qd6 4.d4 Nf6 5.Nf3 c6 6.Ne5 Nbd7 7.Nc4 Qc7 8.Qf3 Nb6
9.Bf4 Qd8 10.Be5 Bg4 11.Qg3 h5 12.f3 Be6 13.Ne3 Nbd5 14.Ncxd5 Nxd5 15.Nxd5 Qxd5
16.Bd3 f6 17.Bb8 h4 18.Qc7 Kf7 19.Qxb7 c5 20.Qxd5 Bxd5 21.c4 Bxf3 22.Bxa7 Bxg2
23.Rg1 Rxa7 24.Rxg2 cxd4 25.Bg6+ Kg8 26.c5  1/2-1/2

[Event "Classics GMB"]
[Site "Gausdal NOR"]
[Date "2006.04.25"]
[Round "3"]
[White "Westerinen,H"]
[Black "Fries Nielsen,JO"]
[Result "1-0"]
[WhiteElo "2386"]
[BlackElo "2356"]

1.e4 d5 2.exd5 Qxd5 3.Nc3 Qd6 4.d4 Nf6 5.Bc4 Bg4 6.Nge2 e6 7.f3 Bf5 8.Bf4 Qb4
9.Bb3 c6 10.O-O Qa5 11.Ng3 Bg6 12.Nce4 Nd5 13.Bd2 Qb6 14.c3 Nd7 15.f4 Bxe4
16.Nxe4 g6 17.Qe2 Be7 18.f5 gxf5 19.Rxf5 Rg8 20.Rf2 Rg6 21.Raf1 N5f6 22.Nxf6+ Rxf6
23.Bg5 Rxf2 24.Qxf2 f6 25.Bxe6 Nf8 26.Bxf6  1-0

[Event "Classics GMB"]
[Site "Gausdal NOR"]
[Date "2006.04.27"]
[Round "5"]
[White "Afek,Y"]
[Black "Fries Nielsen,JO"]
[Result "0-1"]
[WhiteElo "2328"]
[BlackElo "2356"]

1.e4 d5 2.exd5 Qxd5 3.Nc3 Qd6 4.d4 Nf6 5.Nf3 Bg4 6.h3 Bxf3 7.Qxf3 c6 8.Be3 e6
9.O-O-O Qc7 10.Bd3 Nbd7 11.g4 Nd5 12.Nxd5 cxd5 13.Kb1 a6 14.Qe2 Nb6 15.f4 O-O-O
16.f5 exf5 17.Bxf5+ Kb8 18.Bg5 f6 19.Bc1 Bd6 20.Qf3 Ka7 21.h4 g6 22.Bd3 Qc6
23.h5 g5 24.h6 Rc8 25.Qxf6 Rhf8 26.Qxg5 Na4 27.Rhf1 Qb6 28.Ka1 Ba3 29.Bb5 Qxb5  0-1

[Event "2nd Halkidiki Open"]
[Site "Kalithea GRE"]
[Date "2006.04.27"]
[Round "3"]
[White "Kalaitzoglou,P"]
[Black "Andronis,V"]
[Result "1/2-1/2"]
[WhiteElo "2160"]
[BlackElo "2069"]

1.e4 d5 2.exd5 Qxd5 3.Nc3 Qd6 4.d4 Nf6 5.Bc4 a6 6.Nge2 b5 7.Bb3 Bb7 8.Bf4 Qb6
9.O-O e6 10.a4 c5 11.axb5 axb5 12.Bxb8 Rxb8 13.Nxb5 Be7 14.Nbc3 O-O 15.dxc5 Bxc5
16.Qd3 Rfd8 17.Qg3 Bd6 18.Qh3 Rbc8 19.Rfd1 h5  1/2-1/2

[Event "2nd Halkidiki Open"]
[Site "Kalithea GRE"]
[Date "2006.04.27"]
[Round "4"]
[White "Hoffmann,Mi1"]
[Black "Andronis,V"]
[Result "1-0"]
[WhiteElo "2467"]
[BlackElo "2069"]

1.e4 d5 2.exd5 Qxd5 3.Nc3 Qd6 4.d4 Nf6 5.Nf3 a6 6.g3 b5 7.Bg2 Bb7 8.O-O e6
9.Bf4 Qd8 10.Ne5 Bxg2 11.Kxg2 Bd6 12.Qf3 Bxe5 13.Bxe5 Nbd7 14.Bxc7 Qc8 15.Bd6 Nb6
16.a4 bxa4 17.Nxa4 Nc4 18.Bf4 Nd5 19.b3 Nxf4+ 20.Qxf4 Qc6+ 21.d5 Qxd5+ 22.f3 Rc8
23.Rfd1 Ne3+ 24.Qxe3 Rxc2+ 25.Kg1 Qh5 26.h4 O-O 27.Rac1 Qf5 28.Rxc2 Qxc2
29.Qd3 Qc7 30.Kg2 Rc8 31.Qd6 Qa5 32.Qb6 Rc2+ 33.Kf1 Qxb6 34.Nxb6 g5 35.hxg5 Rc3
36.Kg2 Rxb3 37.Nd7 Kg7 38.f4 h6 39.gxh6+ Kxh6 40.Rd6 Rb7 41.Nc5 Rb2+ 42.Kh3 a5
43.f5 Kg5 44.fxe6 fxe6 45.Rxe6 Rb5 46.Re5+ Kg6 47.Nd3  1-0

[Event "8th Dubai Open"]
[Site "Dubai UAE"]
[Date "2006.04.28"]
[Round "6"]
[White "Abdul,Majee"]
[Black "Kulicov,O"]
[Result "0-1"]
[WhiteElo "2242"]
[BlackElo "2407"]

1.e4 d5 2.exd5 Qxd5 3.Nc3 Qd6 4.d4 Nf6 5.Nf3 c6 6.Bc4 Bg4 7.Be3 Nbd7 8.h3 Bh5
9.g4 Bg6 10.Nh4 Nd5 11.Nxg6 hxg6 12.Qf3 e6 13.Bd2 Nxc3 14.Bxc3 Be7 15.O-O-O Bg5+
16.Bd2 Bxd2+ 17.Rxd2 Nb6 18.Bb3 Nd5 19.Bxd5 Qxd5 20.Qxd5 cxd5 21.Rd3 g5 22.Re1 Ke7
23.Re5 f6 24.Ree3 Kd6 25.Rb3 b6 26.Ra3 Rhc8 27.Kd2 Rc4 28.Rad3 Rac8 29.c3 b5
30.a3 e5 31.Re1 a5 32.Rh1 R8c7 33.Rd1 b4 34.axb4 axb4 35.Ra1 exd4 36.cxb4 Rc2+
37.Ke1 Rxb2 38.Rxd4 Rcc2 39.Rad1 Re2+ 40.Kf1 Rxf2+ 41.Kg1 Rg2+ 42.Kf1 Rh2
43.Rxd5+ Ke6 44.Rd6+ Kf7 45.Kg1 Rxh3 46.R6d4 Rhb3 47.b5 Rxb5 48.Rd7+ Kg6
49.Re7 R5b4  0-1

[Event "2nd Halkidiki Open"]
[Site "Kalithea GRE"]
[Date "2006.04.28"]
[Round "5"]
[White "Exizoglou,D"]
[Black "Zakarian,D"]
[Result "1/2-1/2"]
[WhiteElo "2160"]
[BlackElo "2359"]

1.e4 d5 2.exd5 Qxd5 3.Nc3 Qd8 4.d4 Nf6 5.Bc4 Bg4 6.f3 Bf5 7.Nge2 e6 8.Bg5 Nbd7
9.Qd2 c6 10.g4 Bg6 11.Nf4 Nb6 12.Bb3 Bd6 13.O-O-O Qc7 14.Nce2 a5 15.a3 a4
16.Ba2 Nfd5 17.h4 Nxf4 18.Bxf4 h6 19.Bxd6 Qxd6 20.h5 Bh7 21.g5 O-O-O 22.Qa5 Kc7
23.c4 Ra8 24.Qxb6+ Kxb6 25.c5+ Qxc5+ 26.dxc5+ Kc7 27.g6 fxg6 28.hxg6 Bxg6
29.Nf4 Bf5 30.Bxe6 Raf8 31.Rd7+ Kb8 32.Rxg7 Bxe6 33.Nxe6 Rxf3 34.Rd1 Rf6
35.Rd8+ Rxd8 36.Nxd8 Rf1+ 37.Kc2 Rf2+ 38.Kb1 Rf1+ 39.Ka2 Rc1 40.Nxb7 h5 41.Rh7 h4
42.Nd6 Rh1 43.Nf5 h3 44.Nd4 h2 45.Nxc6+ Kc8 46.Nd4 Rd1 47.Rxh2 Rxd4 48.b4 axb3+
49.Kxb3 Kc7 50.Rh6 Rg4 51.a4 Rg1 52.a5 Rb1+ 53.Kc4 Rc1+ 54.Kb5 Rb1+ 55.Ka6 Rc1
56.Rh5 Ra1 57.Rh6 Rc1 58.Ka7 Rxc5 59.a6 Rc1 60.Rh2 Rb1 61.Rc2+ Kd7 62.Ka8 Rb6
63.a7 Rb1 64.Rh2 Kc7 65.Rh8 Rb2 66.Rb8 Rh2 67.Rg8 Rb2 68.Rg7+ Kc8 69.Rg1 Kc7
70.Rc1+ Kd7  1/2-1/2

[Event "8th Dubai Open"]
[Site "Dubai UAE"]
[Date "2006.04.29"]
[Round "7"]
[White "Bajarani,I"]
[Black "Sturua,Z"]
[Result "1/2-1/2"]
[WhiteElo "2352"]
[BlackElo "2524"]

1.e4 d5 2.exd5 Qxd5 3.Nc3 Qd6 4.d4 Nf6 5.Nf3 a6 6.Bd3 g6 7.Ne4 Nxe4 8.Bxe4 Bg7
9.c3 Nd7 10.O-O c5 11.Be3 cxd4 12.Bxd4 e5 13.Be3 Qc7 14.Re1 O-O 15.h3 Nf6
16.Bc2 Be6 17.Qc1 Nd5 18.Bh6 f6 19.Bb3 Rad8 20.Bd2 Rd7 21.Nd4 Bf7 22.Ne2 Rfd8
23.Rd1 Nb6 24.Be1 Bxb3 25.Rxd7 Qxd7 26.axb3 Qd3 27.Qe3 Qxe3 28.fxe3 Bh6 29.e4 Rd3
30.Kf1 Kf7 31.Ng1 Nc8 32.Ra4 Nd6 33.Nf3 Rd1 34.Ke2 Rb1 35.Bd2 Rxb2 36.Kd3 Bf8
37.b4 Nc4 38.Ra1 Nxd2 39.Nxd2 Ke6 40.Rb1 Ra2 41.b5 a5 42.Nc4 a4 43.b6 Rxg2
44.Na5 a3 45.Nxb7 a2 46.Ra1 Kd7 47.Na5 Bc5 48.b7 Kc7 49.Kc4 Bb6 50.Nc6 Kxb7
51.Nb4 h5 52.Nxa2 Rg3 53.Nb4 Rxh3 54.Rf1 Bd8 55.Rd1 Kc7 56.Kb5 h4 57.Nd5+ Kb7
58.Rb1 Rh2 59.Kc5+ Kc8 60.Ra1 Kd7 61.Ra7+ Ke6 62.Ra6+ Kd7 63.Ra7+ Ke6 64.Ra6+ Kf7
65.Ra7+ Ke8 66.Kd6 h3 67.Rh7 Kf8 68.Ke6 Ra2 69.Rxh3 Kg7 70.Kd7 Ba5 71.Ke6 Bd8
72.Kd7  1/2-1/2

[Event "XXIV Open"]
[Site "Metz FRA"]
[Date "2006.04.29"]
[Round "8"]
[White "Becker,Mart"]
[Black "Bednarich,J"]
[Result "1/2-1/2"]
[WhiteElo "2347"]
[BlackElo "2204"]

1.e4 d5 2.exd5 Qxd5 3.Nc3 Qd8 4.d4 Nf6 5.Nf3 c6 6.Bc4 b5 7.Bb3 e6 8.Ne5 a6
9.Be3 Qc7 10.Qf3 Bb7 11.Qg3 Nbd7 12.O-O-O Nb6 13.Rhe1 a5 14.a4 b4 15.Ne2 Nbd5
16.Nf4 O-O-O 17.Nfd3 Nxe3 18.fxe3 Rg8 19.Nc4 Qxg3 20.hxg3 Bd6 21.Nxd6+ Rxd6
22.Ne5 Rf8 23.Nc4 Rd5 24.Nb6+ Kc7 25.Nxd5+ cxd5 26.Rf1 Kd6 27.Rf4 Ba6 28.Rh1 h6
29.Rxh6 gxh6 30.Rxf6 Ke7 31.Rxh6 Bf1 32.Rh1 Bxg2 33.Rg1 Be4 34.Kd2 Rh8 35.Kc1 Rc8
36.Kd2 Rh8 37.Re1 Rh2+ 38.Re2 Rh3 39.c3 bxc3+ 40.Kxc3 Rxg3 41.Bc2 Bxc2 42.Kxc2 Kd6
43.Kc3 Rg8 44.b4 Rc8+ 45.Kb3 axb4 46.Kxb4 Rb8+ 47.Ka3 e5 48.a5 exd4 49.exd4 f5
50.Ka4 f4 51.Rf2 Rf8 52.Kb5 Ke6 53.Kc6 Ra8 54.Kb6 Kf5 55.a6 Ke4 56.Kb7 Rh8
57.a7 Rh7+ 58.Ka6 Rh6+ 59.Kb5 Rh8 60.Kb6 Rh6+ 61.Kb7  1/2-1/2

[Event "14th Sigeman & Co"]
[Site "Malmo SWE"]
[Date "2006.05.01"]
[Round "4"]
[White "Carlsson,P"]
[Black "Cicak,S"]
[Result "1-0"]
[WhiteElo "2433"]
[BlackElo "2506"]

1.e4 d5 2.exd5 Qxd5 3.Nc3 Qd6 4.d4 c6 5.Be3 Nf6 6.Qd2 Be6 7.Nge2 Bc4 8.O-O-O e6
9.f3 Qc7 10.Kb1 Nbd7 11.Bf4 Qa5 12.Nc1 Bxf1 13.Rhxf1 Bb4 14.Nb3 Qa6 15.Bg5 O-O
16.a3 Bxc3 17.Qxc3 Nd5 18.Qd3 b5 19.f4 f6 20.Bh4 Qa4 21.f5 e5 22.Bg3 e4 23.Qxe4 Rfe8
24.Qf3 Ne3 25.Qxc6 Nxf1 26.Rxf1 Qc4 27.Qxc4+ bxc4 28.Nc5 Nb6 29.Ne6 Nd5 30.Rf3 Rac8
31.Bd6 Rc6 32.Bc5 a5 33.g4 g5 34.b3 c3 35.Ka2 h5 36.h3 Kf7 37.b4 a4 38.b5 Rcc8
39.Rf1 hxg4 40.hxg4 Rh8 41.Bd6 Ke8 42.Re1 Kd7 43.Bg3 Rce8 44.Nc5+ Kc8 45.Re6 Rxe6
46.fxe6 Nb6 47.Ne4 Nd5 48.Nd6+  1-0

[Event "4th TCh-SCG"]
[Site "Vrnjacka Banja SCG"]
[Date "2006.05.02"]
[Round "2"]
[White "Sredojevic,I"]
[Black "Ostojic,N"]
[Result "0-1"]
[WhiteElo "2369"]
[BlackElo "2412"]

1.e4 d5 2.exd5 Qxd5 3.Nc3 Qd8 4.d4 Nf6 5.Nf3 c6 6.Bc4 b5 7.Bb3 e6 8.O-O Nbd7
9.Re1 Be7 10.Qe2 a5 11.a3 Ba6 12.Bxe6 fxe6 13.Qxe6 Bb7 14.Ng5 Rf8 15.Nce4 Nxe4
16.Nxe4 Rf6 17.Qg8+ Nf8 18.Bg5 Rf7 19.Nc5 Bc8 20.Re3 Ra7 21.Nd3 Qd5 22.Re5 Qc4
23.Rae1 Qxc2 24.R5e3 Be6 25.Rc1 Qxd3 26.Rxd3 Bxg5 27.Rxc6 Rfe7 28.Rxe6 Rxe6
29.f4 Bxf4 30.Rf3 Rf7 31.Kf1 Ree7 32.d5 Bxh2 33.Rxf7 Rxf7+ 34.Ke2 Bd6 35.Kd3 h6
36.a4 bxa4 37.Kc4 Rb7 38.Kd4 Rb4+ 39.Ke3 Rg4 40.Kf2 Ke7 41.Kf3 Rg3+ 42.Kf2 Kf6  0-1

[Event "Open A"]
[Site "Djakovo CRO"]
[Date "2006.05.03"]
[Round "5"]
[White "Sulc,D"]
[Black "Goric,E"]
[Result "1/2-1/2"]
[WhiteElo "2312"]
[BlackElo "2346"]

1.e4 d5 2.exd5 Qxd5 3.Nc3 Qd6 4.d4 Nf6 5.h3 a6 6.Nf3 b5 7.Bd3 Bb7 8.O-O e6
9.Qe2 Be7 10.a4 b4 11.Ne4 Nxe4 12.Bxe4 Bxe4 13.Qxe4 Qc6 14.Qe2 Nd7 15.Bf4 O-O
16.c4 bxc3 17.bxc3 Bd6 18.Bxd6 Qxd6 19.Rfd1 Rab8 20.c4 Rb4 21.d5 e5 22.Rac1 f6
23.c5 Nxc5 24.Qc2 Ne4 25.Qxc7 Rxa4 26.Qa7 Qb8 27.Qd7 Qe8 28.Qe6+ Qxe6 29.dxe6 Ng5
30.Nxg5 fxg5 31.Rd7 Rh4 32.Rcc7 Rh6 33.Rxg7+ Kh8 34.Rgf7 Ra8 35.Rcd7 Re8
36.Ra7 a5 37.Rxa5 Rhxe6 38.Raa7  1/2-1/2

[Event "XI Ivan Cvitanovic mem"]
[Site "Split CRO"]
[Date "2006.05.03"]
[Round "5"]
[White "Bozanic,I"]
[Black "Dizdarevic,E"]
[Result "0-1"]
[WhiteElo "2306"]
[BlackElo "2492"]

1.e4 d5 2.exd5 Qxd5 3.Nc3 Qd8 4.d4 Nf6 5.Bc4 a6 6.Nf3 b5 7.Bb3 c5 8.dxc5 Qxd1+
9.Nxd1 e6 10.a4 b4 11.c3 Bxc5 12.Be3 Nbd7 13.O-O Bb7 14.Ne1 bxc3 15.Nxc3 Bxe3
16.fxe3 Ke7 17.Nd3 Rhc8 18.Rac1 Rab8 19.Bd1 Nc5 20.Nxc5 Rxc5 21.Rf2 Re5 22.Re2 a5
23.Bc2 Ba6 24.Nb5 Bxb5 25.axb5 Rc5 26.Ra1 Rbxb5 27.Ba4 Rb4 28.b3 Nd5 29.Kf2 f5
30.Rd2 Rc3 31.Re1 g5 32.Rd4 Rc2+ 33.Kf3 g4+ 34.Kg3 Nf6 35.Red1 Ne4+ 36.Rxe4 Rxe4
37.Rd3 Re2 38.Rd7+ Kf6 39.Rxh7 R4xe3+ 40.Kh4 Rxg2 41.Rh6+ Ke5 42.Kg5 Rh3  0-1

[Event "81st ch-ARG"]
[Site "San Luis ARG"]
[Date "2006.05.04"]
[Round "9"]
[White "Mahia,G"]
[Black "Campora,D"]
[Result "1-0"]
[WhiteElo "2427"]
[BlackElo "2552"]

1.e4 d5 2.exd5 Qxd5 3.Nc3 Qd6 4.d4 Nf6 5.Nf3 a6 6.Bc4 e6 7.Bg5 Nbd7 8.Qe2 b5
9.Bb3 Bb7 10.O-O-O Be7 11.Rhe1 O-O 12.d5 Nxd5 13.Rxd5 Bxd5 14.Bxe7 Qxe7 15.Nxd5 Qd6
16.Nc3 c5 17.a3 c4 18.Ba2 Rad8 19.Ne4 Qc7 20.Kb1 h6 21.c3 Ne5 22.Nxe5 Qxe5
23.g3 Rd3 24.f4 Qd5 25.Kc1 Rd8 26.Bb1 Kf8 27.Bxd3 cxd3 28.Qe3 Qb3 29.Qf2 Qa2
30.Qc5+ Kg8 31.Qe7 Qa1+ 32.Kd2 Qxb2+ 33.Ke3 Rf8 34.Kxd3 Qxh2 35.Re2 Qh5 36.Ke3 f5
37.Nc5 Re8 38.Qd6 Qh3 39.Kd4 Qxg3 40.Rxe6 Qf2+ 41.Ke5 Rc8 42.Nd3 Qc2 43.Kxf5 Qxc3
44.Qd5 Kh8 45.Rxa6 Re8 46.Ra8 Rxa8 47.Qxa8+ Kh7 48.Ke4 g5 49.f5 Qc4+ 50.Ke3 Qf7
51.Qe4 Qa7+ 52.Kf3 Qxa3 53.f6+ Kg8 54.Qg6+  1-0

[Event "FSIMA May"]
[Site "Budapest HUN"]
[Date "2006.05.06"]
[Round "1"]
[White "Darazs,Z"]
[Black "Werner,Di"]
[Result "1/2-1/2"]
[WhiteElo "2227"]
[BlackElo "2333"]

1.e4 d5 2.exd5 Qxd5 3.Nc3 Qd6 4.d4 Nf6 5.Nf3 a6 6.Be2 Nbd7 7.O-O e6 8.Re1 Be7
9.Bg5 O-O 10.Qd3 c5 11.Rad1 cxd4 12.Qxd4 Qxd4 13.Nxd4 Bb4 14.Bd2 Re8 15.a3 Bf8
16.Bf3 Nb6 17.Bc1 e5 18.Nb3 Bf5 19.Bxb7 Bxc2 20.Bxa8 Bxb3 21.Bb7 Bxd1  1/2-1/2

[Event "RC SPORT Open"]
[Site "Usti nad Orlici CZE"]
[Date "2006.05.06"]
[Round "9"]
[White "Danes,J"]
[Black "Kantorik,M"]
[Result "0-1"]
[WhiteElo "2152"]
[BlackElo "2286"]

1.e4 d5 2.exd5 Qxd5 3.Nc3 Qd6 4.d4 Nf6 5.Bd3 c6 6.Nge2 Bg4 7.Bf4 Qxf4 8.Nxf4 Bxd1
9.Rxd1 e6 10.O-O Nbd7 11.Nce2 O-O-O 12.c4 Bd6 13.g3 e5 14.Ng2 Rhe8 15.b3 g6
16.Bb1 exd4 17.Nxd4 Ne5 18.Nh4 Bc5 19.Ndf3 Rxd1 20.Rxd1 Neg4 21.Kf1 Bxf2
22.Ng2 Bc5 23.Re1 Rd8 24.Bc2 Nh5 25.Ke2 Bb4 26.Rh1 Re8+ 27.Kf1 Bc5  0-1

[Event "Geller Mem"]
[Site "Moscow RUS"]
[Date "2006.05.08"]
[Round "7"]
[White "Gabrielian,A"]
[Black "Glek,I"]
[Result "1-0"]
[WhiteElo "2520"]
[BlackElo "2560"]

1.e4 d5 2.exd5 Qxd5 3.Nc3 Qd8 4.Nf3 Bg4 5.h3 Bxf3 6.Qxf3 c6 7.b4 a6 8.Rb1 Nf6
9.a4 e6 10.b5 Qc7 11.Bd3 Nbd7 12.Ne4 Ne5 13.Nxf6+ gxf6 14.Qxf6 Nxd3+ 15.cxd3 Rg8
16.bxa6 Rxa6 17.O-O Ra5 18.Kh1 Rag5 19.Rg1 Bd6 20.Qf3 Bh2 21.Re1 Rxg2 22.Qxg2 Rxg2
23.Kxg2 Bd6 24.Re4 Qe7 25.Kf1 f5 26.Rc4 Kd7 27.a5 c5 28.Ba3  1-0